| 000 | 01003cam a22002771 4500 | ||
|---|---|---|---|
| 999 |
_c128187 _d128187 |
||
| 001 | 9304872 | ||
| 003 | ARRUPE | ||
| 005 | 20180919123349.0 | ||
| 008 | 721229s1951 ilu b 000 0 eng c | ||
| 010 | _aa 51003740 | ||
| 035 | _a(OCoLC)526281 | ||
| 040 |
_aChicago. Univ. Libr. _cODaWU _dOCoLC _dDLC |
||
| 042 | _apremarc | ||
| 050 | 0 | 0 |
_aB824.6. J64 _b.I5 vol. 2, no. 9 |
| 082 | _a146 | ||
| 100 | 1 |
_aJørgensen, Jørgen, _d1894- _942322 |
|
| 245 | 1 | 4 |
_aThe development of logical empiricism. _cJoergen Joergennsen |
| 260 |
_aChicago, _bUniversity of Chicago Press _c[1959] |
||
| 300 |
_aiii, 100 p. _c25 cm. |
||
| 490 | 1 |
_aInternational encyclopedia of unified science. Foundations of the unity of science, _vv. 2, no. 9 |
|
| 504 | _a"Notes and bibliography": p. 87-90. | ||
| 650 | 0 |
_aLogical positivism. _95718 |
|
| 830 | 0 |
_aInternational encyclopedia of unified science ; _vv. 2, no. 9. _942323 |
|
| 906 |
_a7 _bcbc _coclcrpl _du _encip _f19 _gy-gencatlg |
||
| 942 |
_2lcc _cMONOGRAPH |
||